00652nam a2200193Ia 4500008004100000020001500041082001700056100002300073245005300096250000700149260004400156300002500200500000700225600002100232650005000253942000700303952013300310999001500443240925s9999 xx 000 0 und d a9812531114 a004.0151 JOH aJohnson ,James L. 0aProbability and Statistics For Computer Science  aNA aNew Jersey:bJohn wiley & Sonsc,2004. a469p.bNAfPhotocopy aNA aComputer Science aComputer science, information & general works cBK 001040708CSaUITUbUITUd2008-01-25eRoyal Book Company g707.13l0o004.0151 JOHpQ7309r2024-09-25 07:14:33w2024-09-25yBK c9808d9808